100 akhlak mulia

Main Author: Hasan Hj. Mohd Ali, Dr
Published: Kuala Lumpur: Utusan Publication & Distributors Sdn. Bhd., 1996.
Series: Siri keluarga mithali Utusan-Akrab
Subjects:
LEADER 00990cam a2200265 7i4500
001 0000001781
005 20251112090000.0
020 |a 9789676106100 (pbk.)  
020 |a 9676106100 (pbk.)  
090 0 0 |a BJ1291   |b .H37 1996 
100 0 |a Hasan Hj. Mohd Ali,   |c Dr  
245 1 0 |a 100 akhlak mulia   |c Dr. Hasan Hj. Mohd Ali. 
260 |a Kuala Lumpur:   |b Utusan Publication & Distributors Sdn. Bhd.,   |c 1996. 
300 |a xxiv, 219 p.:   |b ill.;   |c 21 cm. 
336 |a text  |2 rdacontent 
337 |a unmediated  |2 rdamedia 
338 |a volume  |2 rdacarrier 
490 0 |a Siri keluarga mithali Utusan-Akrab 
500 |a Gift: Puan Asmawati Ahmad Ishak 
650 0 0 |a Human behaviour --   |x Religious aspects --   |x Islam  
650 0 0 |a Islam --   |x Customs and practices  
650 0 0 |a Islamic ethics  
997 |a Perpustakaan Peringatan Siddiq Fadzil 
999 |a 0000008291  |b BOK  |c OPEN SHELF  |e 1st Floor, Bestari Jaya 
999 |a SFL0001997  |b BOK  |c SIDDIQ FADZIL LIBRARY  |e Perpustakaan Peringatan Siddiq Fadzil